Exercices de grammaire espagnole : Avec corrigés et rappels de cours (notice n° 1567243)
[ vue normale ]
| 000 -LEADER | |
|---|---|
| fixed length control field | 00720cam a2200133 4500500 |
| 005 - DATE AND TIME OF LATEST TRANSACTION | |
| control field | 20251214002632.0 |
| 041 ## - LANGUAGE CODE | |
| Language code of text/sound track or separate title | fre |
| 042 ## - AUTHENTICATION CODE | |
| Authentication code | dc |
| 100 10 - MAIN ENTRY--PERSONAL NAME | |
| Personal name | Grisard, Pierre |
| Relator term | author |
| 245 00 - TITLE STATEMENT | |
| Title | Exercices de grammaire espagnole : Avec corrigés et rappels de cours |
| 260 ## - PUBLICATION, DISTRIBUTION, ETC. | |
| Name of publisher, distributor, etc. | Armand Colin,<br/> |
| Date of publication, distribution, etc. | 2011.<br/> |
| 520 ## - SUMMARY, ETC. | |
| Summary, etc. | Pierre Grisard est maître de conférences honoraire à l’université de Bourgogne. 1- Le syntagme nominal (I) 2- Le syntagme nominal (II) : les substituts (ou pronoms) 3- Le syntagme verbal 4- Les phrases complexes 5- Le système prépositionnel 6- Corrigés des exercices |
| 856 41 - ELECTRONIC LOCATION AND ACCESS | |
| Uniform Resource Identifier | <a href="https://shs.cairn.info/exercices-de-grammaire-espagnole--9782200256388?lang=fr&redirect-ssocas=7080">https://shs.cairn.info/exercices-de-grammaire-espagnole--9782200256388?lang=fr&redirect-ssocas=7080</a> |
Pas d'exemplaire disponible.




Réseaux sociaux